Riešenie bezpečnosti na excentrickom lise

Salvato in:
Dettagli Bibliografici
Autore principale: Karaba, Peter (Autore)
Altri autori: Riečičiarová, Eva (Relatore della tesi)
Natura: Manoscritto Libro
Lingua:slovacco
Pubblicazione: 2015
Soggetti:
Accesso online:http://is.stuba.sk/zp/portal_zp.pl?podrobnosti=96731
Tags: Aggiungi Tag
Nessun Tag, puoi essere il primo ad aggiungerne!!

MARC

LEADER 00000ntm a22000003a 4500
001 stuzp50687
003 SK-STU
005 20160719153631.1
007 ta
008 150427s2015----xo-----f-mn---000-0-slo-d
040 |a STU  |b slo 
041 0 |a slo 
100 1 |a Karaba, Peter  |u 063000  |4 aut  |U MTF Materiálovotechnologická fakulta  |T MTF Ústav výrobných technológií  |X 47309  |U M3000  |Y 83  |7 47309 
242 0 1 |a Safety solution on the eccentric press  |y eng 
245 1 0 |a Riešenie bezpečnosti na excentrickom lise 
260 |c 2015 
650 4 |a bezpečnosť  |2 slo 
650 4 |a excentrický lis  |2 slo 
650 4 |a bezpečnostné požiadavky  |2 slo 
650 4 |a bezpečnostné zariadenia  |2 slo 
650 4 |a eccentric press  |2 eng 
650 4 |a safety  |2 eng 
650 4 |a safety requirements  |2 eng 
650 4 |a safety devices  |2 eng 
700 1 |a Riečičiarová, Eva  |4 ths  |X 2859  |7 A000002859 
856 4 |u http://is.stuba.sk/zp/portal_zp.pl?podrobnosti=96731 
996 |c M* BP-7194  |l MMSKP  |s P  |a 0  |w stuzp50687_0001 
SQL |a stuzp50687  |b DBP  |c SLO  |d Riešenie bezpečnosti na excentrickom lise  |e 47309  |f Karaba, Peter  |g 063000  |h 2859  |i Riečičiarová, Eva  |j 20150702  |k 179  |l 06  |m http://is.stuba.sk/zp/portal_zp.pl?podrobnosti=96731  |n B-VZS  |o 5.2.50. výrobná technika